[Event "St Petersburg Korchnoi Memorial op"]
[Site "St Petersburg"]
[Date "2023.08.20"]
[Round "4"]
[White "Lapin, Artem"]
[Black "Novodvorskiy, Dmitriy Al"]
[Result "1-0"]
[WhiteElo "1802"]
[BlackElo "1529"]
[PlyCount "73"]
[EventDate "2023.08.18"]
[EventType "swiss"]
[EventRounds "9"]
[EventCountry "RUS"]
[SourceTitle "EXT 2024"]
[Source "ChessBase"]
[SourceDate "2023.10.10"]
[SourceVersion "1"]
[SourceVersionDate "2023.10.10"]
[SourceQuality "1"]

1. d4 d5 2. c4 e6 3. Nc3 c6 4. e3 f5 5. Nf3 Nd7 6. Bd3 Bd6 7. cxd5 cxd5 8. Nb5 Bb8 9. Bd2 Ne7 10. Bb4 Nb6 11. Ne5 a6 12. Nc3 g6 13. Qb3 Bxe5 14. dxe5 Nc6 15. Bd6 Na5 16. Qb4 Nac4 17. Bxc4 Nxc4 18. h4 Nxd6 19. exd6 Rf8 20. Qf4 Rf7 21. Qe5 Qf6 22. f4 Bd7 23. Nxd5 Qxe5 24. Nc7+ Kd8 25. fxe5 Rc8 26. Rc1 Rb8 27. g3 b5 28. Nxa6 Ra8 29. Nb4 Be8 30. Rh2 Rg7 31. a3 g5 32. hxg5 Rxg5 33. Rxh7 Rxg3 34. Kf2 Rg4 35. d7 Bxd7 36. Rd1 Re4 37. Rdxd7+ 1-0

[Event "Wch U10"]
[Site "Batumi"]
[Date "2022.09.27"]
[Round "11"]
[White "Novodvorskiy, Dmitriy Al"]
[Black "Tatvidze, Davit"]
[Result "1/2-1/2"]
[WhiteElo "1244"]
[BlackElo "1699"]
[PlyCount "148"]
[EventDate "2022.09.16"]
[EventType "swiss"]
[EventRounds "11"]
[EventCountry "GEO"]
[SourceTitle "EXT 2023"]
[Source "ChessBase"]
[SourceDate "2022.10.05"]
[SourceVersion "1"]
[SourceVersionDate "2022.10.05"]
[SourceQuality "1"]

1. b3 c5 2. Bb2 Nc6 3. e3 Nf6 4. Nf3 g6 5. Bb5 Bg7 6. 0-0 0-0 7. Nc3 d6 8. h3 Nd5 9. Na4 Nf6 10. Bxc6 bxc6 11. d4 cxd4 12. exd4 Bf5 13. c4 Qc7 14. Nc3 Ne4 15. Nxe4 Bxe4 16. Ng5 Bf5 17. Qe2 a5 18. g4 Bd7 19. Rad1 h6 20. Nf3 Rfe8 21. d5 Bxb2 22. Qxb2 a4 23. Qd2 Kh7 24. Qf4 Kg7 25. Rfe1 cxd5 26. cxd5 axb3 27. axb3 Ra3 28. Nd4 e5 29. dxe6 fxe6 30. Qd2 e5 31. Nc2 Rxb3 32. Qxd6 Qxd6 33. Rxd6 Re7 34. Ne3 Be6 35. Rc1 Bf7 36. Kh2 Rbb7 37. Rcc6 Rbc7 38. Rxc7 Rxc7 39. h4 Rb7 40. Kg3 Rb3 41. Kg2 Rb4 42. h5 Rf4 43. hxg6 Bxg6 44. Kg3 Rf6 45. Rd7+ Rf7 46. Rd5 Re7 47. Rd6 Rf7 48. f3 h5 49. Re6 hxg4 50. Nxg4 Bf5 51. Rxe5 Bxg4 52. Kxg4 Rb7 53. f4 Ra7 54. Kg5 Kf7 55. Re3 Ra5+ 56. Kg4 Kg6 57. Re6+ Kf7 58. Rc6 Rb5 59. f5 Rb1 60. Rc3 Rg1+ 61. Rg3 Rxg3+ 62. Kxg3 Kf6 63. Kg4 Kf7 64. Kg5 Kg7 65. f6+ Kf7 66. Kf5 Kf8 67. Ke6 Ke8 68. Kd6 Kf8 69. Kd5 Kf7 70. Ke5 Kf8 71. Kf4 Kf7 72. Kg5 Kf8 73. Kf5 Kf7 74. Ke5 Kf8 1/2-1/2

[Event "Wch U10"]
[Site "Batumi"]
[Date "2022.09.23"]
[Round "7"]
[White "Novodvorskiy, Dmitriy Al"]
[Black "Gonzalez Argandona, Manuel"]
[Result "1/2-1/2"]
[WhiteElo "1244"]
[BlackElo "1479"]
[PlyCount "60"]
[EventDate "2022.09.16"]
[EventType "swiss"]
[EventRounds "11"]
[EventCountry "GEO"]
[SourceTitle "EXT 2023"]
[Source "ChessBase"]
[SourceDate "2022.10.05"]
[SourceVersion "1"]
[SourceVersionDate "2022.10.05"]
[SourceQuality "1"]

1. e4 c5 2. Nf3 e6 3. d3 Nc6 4. Nbd2 b6 5. g3 Bb7 6. Bg2 Nge7 7. b3 d5 8. Bb2 d4 9. 0-0 Ng6 10. Qe2 e5 11. h4 h6 12. Nc4 Qc7 13. a4 Bc8 14. h5 Nge7 15. Nh2 Ng8 16. Bc1 Nf6 17. f4 g6 18. hxg6 fxg6 19. fxe5 Nd7 20. Bf4 Ndxe5 21. Nf3 Bg7 22. Ncxe5 Nxe5 23. Nxe5 Bxe5 24. Bxe5 Qxe5 25. Qf3 Be6 26. Qf6 Qxf6 27. Rxf6 Ke7 28. Rf4 g5 29. Rff1 Raf8 30. a5 b5 1/2-1/2

[Event "EU-ch Hybrid U08"]
[Site "Tornelo INT"]
[Date "2021.10.15"]
[Round "2"]
[White "Makeev, Igor"]
[Black "Novodvorskiy, Dmitriy Al"]
[Result "1-0"]
[WhiteElo "1314"]
[BlackElo "1119"]
[PlyCount "87"]
[EventDate "2021.10.15"]
[EventType "swiss"]
[EventRounds "9"]
[EventCountry "NET"]
[SourceTitle "EXT 2023"]
[Source "ChessBase"]
[SourceDate "2022.10.05"]
[SourceVersion "1"]
[SourceVersionDate "2022.10.05"]
[SourceQuality "1"]
[WhiteTeam "Russia"]
[BlackTeam "Russia"]
[WhiteTeamCountry "RUS"]
[BlackTeamCountry "RUS"]

1. d4 Nf6 2. c4 c5 3. d5 b5 4. cxb5 a6 5. bxa6 Bxa6 6. Nc3 g6 7. g3 Bg7 8. Bg2 d6 9. Nf3 Nbd7 10. 0-0 Nb6 11. Re1 0-0 12. e4 Rb8 13. e5 Ne8 14. exd6 Nxd6 15. Ne5 Bxe5 16. Rxe5 Nbc4 17. Re1 Nxb2 18. Bxb2 Rxb2 19. Rb1 Rxb1 20. Qxb1 Qc7 21. Qc1 Nf5 22. Ne4 Rc8 23. Bh3 Nd4 24. Bxc8 Qxc8 25. Kg2 Qg4 26. Qf4 Qd7 27. d6 Bb7 28. dxe7 Qxe7 29. Kg1 Bxe4 30. Qxe4 Qf6 31. Kg2 Ne6 32. Qe5 Qd8 33. Rb1 Nc7 34. Rb7 f6 35. Qxc5 Nd5 36. Rb5 Ne7 37. Rb7 Nd5 38. Qc4 Kh8 39. Qc6 Ne7 40. Qxf6+ Kg8 41. Rxe7 Qd5+ 42. Qf3 Qxa2 43. Re8+ Kg7 44. Qf8# 1-0